000 00538nam a2200169 a 4500
001 000044256
005 20201002045241.0
008 140611s2008 dr 000 0 spa d
040 _aDO-SdBNP
_bspa
_cBNPHU
100 1 _aMontero Lebrón, Miguel
_972261
245 1 0 _aTransitemos el camino del conocimiento /
_cMiguel Montero Lebrón.
260 _aSanto Domingo :
_bFama,
_c2008.
300 _a118 p. ;
_c24 cm.
490 1 _aCreser
500 _aIncluye datos biográficos del autor en la solapa de la cubierta
830 0 _aCreser
_972262
999 _c43745
_d43745